| 000 | 01070cam a2200265 i 4500 | ||
|---|---|---|---|
| 003 | SA-RiAUC | ||
| 005 | 20250513094500.0 | ||
| 008 | 250513s1980 su g 00000 ara c | ||
| 040 |
_aSA-RiAUC _bara _cSA-RiAUC _erda |
||
| 082 | 0 | 4 | _a213 |
| 090 |
_a213 _b ا ل ش |
||
| 100 | 1 |
_aآل الشيخ، عبد العزيز بن عبد الله بن حسن، _d1338-1410 هجري _eمؤلف. |
|
| 245 | 1 | 0 |
_aمن أحاديث المنبر / _cعبد العزيز بن عبد الله بن حسن آل الشيخ. |
| 250 | _aالطبعة الأولى. | ||
| 264 | 1 |
_aالرياض : _bالجمعية العربية السعودية للثقافة والفنون، _c1980 |
|
| 300 |
_a298 صفحة ؛ _c24 سم |
||
| 336 |
_aنص _btxt _2rdacontent _3كتاب |
||
| 337 |
_aبدون وسيط _bn _2rdamedia |
||
| 338 |
_aمجلد _bnc _2rdacarrier |
||
| 650 | 7 |
_aالخطب الدينية _2aucsh |
|
| 650 | 7 |
_aالدعوة الإسلامية _2aucsh |
|
| 650 | 7 |
_aالوعظ والإرشاد _2aucsh |
|
| 942 |
_2ddc _cBOOK _n0 |
||
| 949 |
_aSA-JeALM _d250513 _umohamedma123 _n1 |
||
| 999 |
_c7893 _d7893 |
||